Divé husi poviedky

Bibliographic Details
Main Author: Jančová, Mária, 1908-2003 (Author)
Other Authors: Medvecká, Mária, 1914-1987 (Illustrator)
Format: Book
Language:Slovak
PhysicalDescription:99, [3] s., [8] obr. príl. 8°
Published: Bratislava Slovenský spisovateľ 1960
Series:Pôvodná próza
Subjects:

MARC

LEADER 00000nam a2200000 a 4500
001 vtls008360721
003 SK-MaSNL
005 20260301123347.0
008 230403s1960 xo slo
015 |a SNBA1960/11-01798 
035 |a SK01SNK19600052938 
035 |a urn:nbn:sk:snk-am3h6x4 
035 |a urn:nbn:sk:snk-am00cq3j 
035 |a 5E1D1B30-F789-437D-AF36-C60ADB9E02DF 
035 |a SKM000055401 
040 |a SNK  |b slo  |c SNK  |e AACR2 
041 0 |a slo 
044 |a xo  |c SK 
080 |a 885.4-3  |2 1981 
100 1 |a Jančová, Mária,  |d 1908-2003  |4 aut  |9 106473 
245 1 0 |a Divé husi  |b poviedky  |c Mária Jančová ; ilustr. Mária Medvecká 
260 |a Bratislava  |b Slovenský spisovateľ  |c 1960  |e Martin  |f Tlačiarne SNP 
300 |a 99, [3] s., [8] obr. príl.  |c 8° 
490 1 |a Pôvodná próza 
563 |a 4000 výtl. 
655 7 |a slovenské poviedky  |2 SNKPH  |9 70226 
700 1 |a Medvecká, Mária,  |d 1914-1987  |4 ill  |9 118185 
830 0 |a Pôvodná próza  |9 307168 
852 |a Slovenská národná knižnica 
919 |a viaz. 
954 |a beletria pôvodná (slovenská)  |2 lita 
958 |a EUIPO 
958 |a OND 
958 |a TL 
958 |a RK 
958 |a LX 
999 |c 735949  |d 737879 
952 |a SNK  |b SNK  |y PREZ  |7 0  |p 17A0677305  |o snkSD 19273  |i snkKSP 3574/60  |0 0  |1 0  |4 0  |d 2010-10-30  |f 1  |l 0  |r 2025-12-03 00:00:00  |w 2026-02-23